000 01301nam a22003737a 4500
003 CHAP
005 20220329140139.0
008 971013s1981 r 00010 d
010 _a47679
011 _a48651
035 _a52797
040 _cCHAP
082 _a674.12
_bP47
100 0 0 _aPérez Olvera, Carmen de la Paz.
_989896
245 _aEstudio anatómico de la madera de 43 especies tropicales
260 _aMéxico, D.F. :
_bINIF,
_c1981
300 _a276 p.
_b: ilus.
490 _aINIF. Boletín técnico
_v; 63
590 _aBATCH-UPD
_b10
_c20130110
_lUCH01
_h0333
590 _aBATCH-UPD
_b10
_c20130110
_lUCH01
_h1942
590 _aBATCH-UPD
_b10
_c20130410
_lUCH01
_h0006
590 _aBATCH-UPD
_b10
_c20130410
_lUCH01
_h1445
590 _aBATCH-UPD
_b10
_c20130914
_lUCH01
_h0845
590 _aCONVERSION
_b10
_c20130109
_lUCH01
_h1326
650 1 4 _aMadera
_xEstructura.
_969607
650 1 4 _aMaderas tropicales.
_969670
700 0 _aCarmona Valdovinos, Tomás Fernando.
_919047
700 0 _aRogel Gómez, María de los Angeles.
_999050
710 0 _aInstituto Nacional de Investigaciones Forestales. México.
_959336
830 0 _aINIF. Boletín técnico
_v; 63
_958610
901 _aBK
942 _cLIBRO
949 _a674.12 P47
_bBC
_cLIBRO
_d33724000140489
_eLIBRO
_h74726
_i52797
_si
999 _c47679
_d47679